000 00473nam a2200169 i 4500
001 28016
003 ES-MaACL
005 20230906153739.0
007 t|
008 030116s1934 it ||||1| ita d
100 1 _aBandello, Matteo.
_925176
245 1 0 _aTutte le opere /
_cdi Matteo Bandello ; a cura di Francesco Flora.
260 _aMilano :
_bA. Mondadori,
_c1934.
300 _a2 v. ;
_c18 cm.
700 1 _aFlora, Francesco.
_951236
852 _aES-MaACL
_jA-1308-09
999 _c28016
_d28016